000 00650nam a2200229Ia 4500
003 OSt
005 20220927110336.0
006 a|||||r|||| 00| 0
007 ta
008 220926b |||||||| |||| 00| 0 eng d
024 _a33364
037 _cReports
040 _aRTL
_cRTL
_beng
041 _2eng
_aeng
082 _a"X.23156G.N5t4, J5/GD"
110 _aMAHARASHTRA CENTRAL FAMINE RELIEF COMMITTEE.
_9376282
245 0 _aReport of the survey of Ghod valley
260 _c1955
700 _aMAHARASHTRA CENTRAL FAMINE RELIEF COMMITTEE.
_9376283
942 _h"X.23156G.N5t4, J5/GD"
_cCC
999 _c695608
_d695608